Aircraft Propulsion/ (Record no. 606780)
[ view plain ]
| 000 -LEADER | |
|---|---|
| fixed length control field | 00314nam a22001337a 4500 |
| 040 ## - CATALOGING SOURCE | |
| Transcribing agency | NUST |
| 082 ## - DEWEY DECIMAL CLASSIFICATION NUMBER | |
| Classification number | 629.1344 |
| Author Mark | FAR |
| 100 ## - MAIN ENTRY--PERSONAL NAME | |
| Personal name | Farooqui, Saeed |
| 9 (RLIN) | 118577 |
| 245 ## - TITLE STATEMENT | |
| Title | Aircraft Propulsion/ |
| Statement of responsibility, etc. | Saeed Farooqui |
| 260 ## - PUBLICATION, DISTRIBUTION, ETC. | |
| Place of publication, distribution, etc. | United Kingdom: |
| Name of publisher, distributor, etc. | Wiley; |
| Date of publication, distribution, etc. | 2014. |
| 300 ## - PHYSICAL DESCRIPTION | |
| Extent | 1048p. |
| 521 ## - TARGET AUDIENCE NOTE | |
| Source | HB |
| 942 ## - ADDED ENTRY ELEMENTS (KOHA) | |
| Source of classification or shelving scheme | |
| Koha item type | Book |
| Withdrawn status | Lost status | Source of classification or shelving scheme | Damaged status | Not for loan | Permanent Location | Current Location | Shelving location | Date acquired | Total Checkouts | Full call number | Barcode | Checked out | Date last seen | Date last checked out | Price effective from | Koha item type |
|---|---|---|---|---|---|---|---|---|---|---|---|---|---|---|---|---|
| School of Mechanical & Manufacturing Engineering (SMME) | School of Mechanical & Manufacturing Engineering (SMME) | Aerospace Engineering | 10/31/2023 | 1 | 629.1344 FAR | SMME-4399 | 05/29/2026 | 01/29/2026 | 01/29/2026 | 10/31/2023 | Book | |||||
| School of Mechanical & Manufacturing Engineering (SMME) | School of Mechanical & Manufacturing Engineering (SMME) | Aerospace Engineering | 10/31/2023 | 1 | 629.1344 FAR | SMME-4400 | 06/11/2026 | 05/12/2026 | 05/12/2026 | 10/31/2023 | Book | |||||
| School of Mechanical & Manufacturing Engineering (SMME) | School of Mechanical & Manufacturing Engineering (SMME) | Aerospace Engineering | 10/31/2023 | 629.1344 FAR | SMME-4401 | 10/31/2023 | 10/31/2023 | Book |
